Tous les clubs qui ont affronté le RC Lens en coupe d'Europe - Statistiques

Statistiques générales
  • Ce quiz a été pris 29 fois
  • Le résultat moyen est 13 sur 49
Statistiques - réponses
Années 1er confrontation Nombres de matchs Bilan Clubs % Correct
1998-99 6 2v 1n 3d Arsenal
96%
2023-24 2 1v 1n Séville
84%
2002-03 2 2n Bayern Munich
80%
2002-03 2 1v 1d AC Milan
76%
2023-24 2 1n 1d PSV
76%
1977-78 4 1v 1n 2d Lazio
60%
1999-2000 2 1v 1n Atlético Madrid
56%
1998-99 6 3v 1n 2d Panathinaïkos
52%
2023-24 2 1n 1d Fribourg
48%
2002-03 2 1v 1d Porto
48%
1983-84 2 1n 1d Anderlecht
40%
2002-03 2 1v 1d Deportivo La Corogne
40%
1999-2000 2 1v 1n Celta Vigo
36%
1998-99 2 1n 1d Dynamo Kiev
36%
1995-96 2 1n 1d Slavia Prague
36%
2006-07 1 1d Parme
32%
2006-07 2 1v 1d Leverkusen
28%
2007-08 2 1n 1d Copenhague
24%
2005-06 1 1v Sampdoria
24%
2000-01 2 1v 1d Stuttgart
24%
2007-08 2 1v 1n Young Boys
24%
1983-84 2 1v 1n Antwerp
20%
1999-2000 2 1v 1d Kaiserslautern
20%
2005-06 1 1d Steaua Bucarest
20%
2005-06 2 1v 1n Wolfsburg
20%
1983-84 2 1v 1n KAA Gand
16%
2005-06 2 1v 1d Udinese
16%
1995-96 2 2v Avenir Beggen
12%
2005-06 2 1v 1n Cluj
12%
1986-87 2 1v 1d Dundee United
12%
1999-2000 2 1v 1n Maccabi Tel-Aviv
12%
1977-78 2 1v 1d Malmö
12%
2006-07 1 1v Osasuna
12%
1995-96 4 2v 2n Tchernomorets Odessa
12%
2006-07 1 1d Heerenveen
8%
2005-06 1 1n Hertha Berlin
8%
2005-06 2 2v Lech Poznań
8%
1977-78 2 1v 1d Magdebourg
8%
1999-2000 2 1v 1n Vitesse
8%
1975-76 2 2d ADO La Haye
4%
2003-04 2 2v Cementarnica 55 Skopje
4%
2003-04 2 2d Gaziantepspor
4%
2005-06 1 1v Halmstads
4%
2005-06 2 1v 1d Dyskobolia
0%
2006-07 2 1v 1n Ethnikos Achna
0%
1975-76 2 1v 1n Home Farm
0%
2006-07 1 1n OB Odense
0%
2003-04 2 2v Torpedo Koutaïssi
0%
2005-06 2 1v 1n Varteks Varazdin
0%
Aucun quiz correspondant
Distribution des résultats
% des personnes avec chaque résultat
Percentile par nombre de réponses
Votre historique - résultats
Vous n’avez pas pris ce quiz